Hullabaloo in the guava orchard / (Record no. 3486)

MARC details
000 -LEADER
fixed length control field 00496cam a2200181 4500
001 - CONTROL NUMBER
control field 4236
005 - DATE AND TIME OF LATEST TRANSACTION
control field 20181127172928.0
008 - FIXED-LENGTH DATA ELEMENTS--GENERAL INFORMATION
fixed length control field 971205s1998 nyu 000 1 eng
010 ## - LIBRARY OF CONGRESS CONTROL NUMBER
LC control number 97051148
020 ## - INTERNATIONAL STANDARD BOOK NUMBER
International Standard Book Number 0871137119
100 1# - MAIN ENTRY--PERSONAL NAME
Personal name Desai, Kiran,
Dates associated with a name 1971-
245 10 - TITLE STATEMENT
Title Hullabaloo in the guava orchard /
Statement of responsibility, etc. Kiran Desai.
250 ## - EDITION STATEMENT
Edition statement 1st American ed.
260 ## - PUBLICATION, DISTRIBUTION, ETC.
Place of publication, distribution, etc. New York :
Name of publisher, distributor, etc. Faber and Faber,
Date of publication, distribution, etc. 1998.
300 ## - PHYSICAL DESCRIPTION
Extent 209 p. ;
Dimensions 22 cm.
650 #0 - SUBJECT ADDED ENTRY--TOPICAL TERM
Topical term or geographic name entry element Sadhus
Geographic subdivision India
General subdivision Fiction.
651 #0 - SUBJECT ADDED ENTRY--GEOGRAPHIC NAME
Geographic name India
General subdivision Fiction.
Holdings
Withdrawn status Lost status Source of classification or shelving scheme Damaged status Not for loan Collection code Home library Current library Shelving location Date acquired Serial Enumeration / chronology Inventory number Full call number Barcode Date last seen Price effective from Koha item type
    Dewey Decimal Classification     Fiction RTC Library RTC Library Fiction 24/09/2021 7104 FIC 813.54 DES 30007929 03/01/2022 27/11/2018 Fiction
Royal Thimphu College || All Right Reserved